90s TV Shows by City or Location - Statistics

General Stats
  • This quiz has been taken 140 times
  • The average score is 6 of 19
Answer Stats
LOCALE TV SHOW % Correct
County General Hospital, Chicago ER
81%
Bayside High, The Palisades Saved by the Bell
68%
Sunnydale, CA Buffy the Vampire Slayer
51%
Arlen, TX King of the Hill
41%
Cage and Fish Law Firm, Boston Ally McBeal
40%
Point Place, WI That '70s Show
37%
Sugarbaker & Associates, Atlanta Designing Women
35%
Tom Nevers Field, Nantucket, MA Wings
34%
Capeside, MA Dawson's Creek
32%
Winfred-Louder Department Store, Cleveland, OH The Drew Carey Show
32%
Hillman College, VA A Different World
31%
William McKinley High, Chippewa, MI Freaks and Geeks
23%
Salinger's Restaurant, San Francisco Party of Five
12%
Pendleton State University, Rutherford, OH 3rd Rock from the Sun
10%
Bluffington Doug
10%
Eastman Medical Center, Los Angeles Doogie Howser, M.D.
9%
Liberty High School, Pittsburgh My So-Called Life
8%
Thomas Tupper Junior High, OH Clarissa Explains It All
4%
Lawndale Daria
4%
No matching quizzes found
Score Distribution
Percent of People with Each Score
Percentile by Number Answered
Your Score History
You have not taken this quiz